00475 2200205 4500001002100000008004100021035002000062245003800082100001500120250000600135260003300141300001100174084001400185082000800199650001400207990001200221990001200233990001200245990001200257INLIS000000000000498 ind  a0010-0424000474 aAneka Sup KontinentalcKristiyani aKristiyani a1 aKlaten :bIntan Sejatic2013 a76 hlm a600 KRI a a600 aNon Fiksi a0722012 a0722013 a0722014 a0722015